000 00434nam a2200181Ia 4500
001 17591
005 20260306171528.0
008 260306s9999||||xx |||||||||||||| ||und||
041 _aESP
082 _a658.05
_bP66
100 _aPlant, Robert
_eAUT
245 0 _aeCommerce:
_bformulación de una estrategia
260 _c2001
300 _a346 pƔginas :
_c23 cm.
650 _aGEN
654 _aCAN
942 _cLIB
_dJUS
_fJUS
_2ddc
_n
999 _c17591
_d17591